Jednoduchost máme v DNA
Rozhovor s Romanom Truhlářom, generálnym riaditeľom mBank pre Českú republiku a Slovensko. Jedna z prvých virtuálnych bánk v strednej Európe. Jednoduché služby takmer bez poplatku. Komunikácia s klientom.
Guardado en:
| Autor principal: | |
|---|---|
| Formato: | Capítulo de libro |
| Lenguaje: | checo |
| Materias: | |
| Etiquetas: |
Sin Etiquetas, Sea el primero en etiquetar este registro!
|
MARC
| LEADER | 00000naa a2200000 4500 | ||
|---|---|---|---|
| 001 | 0147553 | ||
| 005 | 20231211082116.1 | ||
| 041 | 0 | |a cze | |
| 044 | |a CZ | ||
| 245 | 1 | 0 | |a Jednoduchost máme v DNA |c Roman Truhlář |
| 520 | |a Rozhovor s Romanom Truhlářom, generálnym riaditeľom mBank pre Českú republiku a Slovensko. Jedna z prvých virtuálnych bánk v strednej Európe. Jednoduché služby takmer bez poplatku. Komunikácia s klientom. | ||
| 610 | 2 | 0 | |a banky |
| 610 | 2 | 0 | |a bankovníctvo elektronické |
| 610 | 2 | 0 | |a operácie bankové |
| 610 | 2 | 0 | |a služby bankové |
| 610 | 2 | 0 | |a komunikácia elektronická |
| 610 | 2 | 0 | |a internet |
| 100 | 1 | |a Truhlář, Roman | |